LEADER 00912nam a2200277 i 4500 001 991000827199707536 005 20020507174108.0 008 941207s1970 it ||| | ita 035 $ab10762711-39ule_inst 035 $aLE01302914$9ExL 040 $aDip.to Matematica$beng 082 0 $a510 084 $aAMS 70-XX 100 1 $aFinzi, Bruno$0770 245 10$aDinamica /$cBruno Finzi 250 $a3. ed 260 $aBologna :$bZanichelli,$c1970 300 $axi, 427 p. ;$c25 cm. 490 0 $aMeccanica razionale ;$v2 650 4$aMechanics-textbooks 907 $a.b10762711$b23-02-17$c28-06-02 912 $a991000827199707536 945 $aLE013 70-XX FIN11 V.II (1970)$cV. 2$g1$i2013000229393$lle013$nuso bibl. ( in rilegatura)$o-$pE0.00$q-$rn$so $t0$u2$v0$w2$x0$y.i10858155$z28-06-02 996 $aDinamica$9923315 997 $aUNISALENTO 998 $ale013$b01-01-94$cm$da $e-$fita$git $h0$i1